000 00338nam a22001577a 4500
003 SGT
020 _a978-81-909-385-01
082 _a616.01
_bE17W
100 _aWANI.I.A
245 _aEXPERIMENTS IN MICROBIOLOGY
250 _a2ND
260 _aJALANDHAR
_bS.VIKASH
_c2017
300 _a280
650 _aPHARMACY
942 _2ddc
_cBK
_011
999 _c17337
_d17337